000 00266nam a2200121Ia 4500
100 _aMonday/ c.
942 _cBK
654 _aLathe
245 _aCenter lathe work.
260 _bMAchinerys Standard Reference Series
_c2001
082 _a621.942
546 _aENGLISH
999 _c23273
_d23273